| 000 | 00483nam a22001817a 4500 | ||
|---|---|---|---|
| 003 | CEME | ||
| 005 | 20210628202557.0 | ||
| 008 | 210316b xxu||||| |||| 00| 0 eng d | ||
| 020 | _a0-442-28048-3 | ||
| 040 | _c. | ||
| 082 | _a004.16 SAV'R | ||
| 100 |
_aSavitzky, Stephen R _960564 |
||
| 245 | _aReal time microprocessor systems | ||
| 260 |
_aNEWYORK _bVAN NOSTRAND _c1985 |
||
| 300 | _aXI, 338P | ||
| 650 |
_aMICROPROCESSORS REAL TIME DATA PROCESSING _960565 |
||
| 942 |
_cBK _2ddc |
||
| 999 |
_c570264 _d570264 |
||